| 000 | 00000nam##2200000za#4500 |
| 001 | 9.675652 |
| 003 | CaOODSP |
| 005 | 20230503123607 |
| 007 | cr ||||||||||| |
| 008 | 150407|2000||||xxc|||||o f|0| 0 fre|d |
| 040 | |aCaOODSP|bfre |
| 041 | |aeng |
| 041 | |afre |
| 043 | |an-cn--- |
| 086 | 1 |aT48-28/2000-PDF |
| 110 | 2 |aCentre de deĢveloppement des transports (Canada) |
| 245 | 13|aLe centre de développement des transports : |h[ressource électronique]|bau service de l'innovation en transports |
| 260 | |aMontréal - Québec : |bTransports Canada. |cc2000. |
| 300 | |a2p.|bphotographies |
| 500 | |aLe n° de catalogue (T48-28/2000) et l'ISBN (0-662-65068-9) de l'édition imprimée ont été incorrectement copiés dans l'édition électronique. |
| 590 | |a12-16-Supp|b2012-04-17 |
| 691 | 07|aRecherche et développement|2gcpds |
| 691 | 07|aTransport|2gcpds |
| 776 | 0#|tWorking for innovation in transportation |w(CaOODSP)9.661973 |
| 791 | |tTransportation Development Centre : |eeng|w(CaOODSP)9.675651 |
| 856 | 40|ahttp://publications.gc.ca|qPDF|s406 Ko|uhttps://publications.gc.ca/collections/Collection/T48-28-2000.pdf |